Quizzes
Events
Quiz Creation
Community
Videos
Private Events
Remove Ads
Sign In
Join for FREE
Feedback
Dark Mode
Quiz Categories
Sports
Geography
Music
Movies
Television
Just For Fun
Miscellaneous
History
Literature
Language
Science
Gaming
Entertainment
Religion
Holiday
For Kids
Quiz Lab
Recent
Popular Today
Quiz Kudos Today
Editor Picks
Curator Picks
Quizzes by...
Day
Popularity
Type
Ratings
Length
Year
Community
Subscriptions
Recent Discussions
Orange Saloon
Badges
Playlists
Quests
Create
Leaderboards
Showdown
Live 5
Trivia Bingo
Activity
Puzzle Library
Sporcle Events
Private Events
Virtual Trivia
Globe League
Become a Host
Pub Owners
SporcleCon
Opinionation
Our Games
Videos
Blog
Mobile Apps
Partnerships
Remove Ads and Go Orange
Feedback
Television
TV Characters
TV Show
Sitcom
Network
Friends
Reality Shows
Cast
South Park
Star Trek
The Simpsons
Doctor Who
Television
TV Characters
TV Show
Sitcom
Network
Friends
Reality Shows
Cast
South Park
Star Trek
The Simpsons
Doctor Who
Random Quiz
Search Sporcle
×
Quiz Lab
Quiz Lab
Television
elimination
Type in answers that appear in a list
Type in answers that appear in a list
Classic
Best Score? Go Orange.
Royal Rumble Most Total Eliminations Stats
A total of 61 superstars have eliminated at least 5 other wrestlers in their rumble career. Can you name them all?
By
AldeaMalvada
15m
61 Questions
385 Plays
385 Plays
385 Plays
Comments
Comments
Give Quiz Kudos
Give Quiz Kudos
-
- Ratings
hide this ad
Replay
Link that replays current quiz
Next Quiz
Link to next quiz in quiz playlist
You Got
0%
They Got
Avg Score
63%
Avg Friend Score
Upgrade to see
Score Distribution
Jump to the score distribution portion of the page
Score
0/61
Timer
15:00
0
Plays Today
Eliminations
Superstar
% Correct
44
Kane
97.3%
40
Shawn Michaels
95.4%
35
The Undertaker
93.8%
23
Roman Reigns
93%
30
Triple H
92.9%
36
Steve Austin
92.7%
31
The Big Show
91%
22
John Cena
90.5%
19
Randy Orton
89.4%
26
Hulk Hogan
85.9%
16
Chris Jericho
83.2%
11
The Rock
82.6%
16
Batista
82.3%
18
Edge
81.8%
8
Brock Lesnar
79.6%
18
CM Punk
78.3%
12
Rey Mysterio
76.6%
8
Ric Flair
76.6%
14
Chris Benoit
75%
5
Dean Ambrose
74.5%
7
Bret Hart
73.6%
9
Bray Wyatt
73.4%
11
Sheamus
73.4%
7
Owen Hart
73.1%
13
Diesel
70.7%
13
Cody Rhodes
67.9%
5
Dolph Ziggler
67.9%
5
Mark Henry
67.7%
10
Yokozuna
67.7%
5
Braun Strowman
67.3%
10
The Great Khali
67.1%
Eliminations
Superstar
% Correct
7
Randy Savage
65.8%
6
Kofi Kingston
64.2%
10
Mick Foley
62.8%
11
Booker T
62.8%
12
Rikishi
62.2%
11
Ted DiBiase
62%
5
Daniel Bryan
62%
6
The Ultimate Warrior
58.4%
13
The British Bulldog
57.3%
9
Rob Van Dam
54.6%
6
Mr.Perfect
52.2%
8
Viscera
50.4%
8
Big Boss Man
49.5%
11
Lex Luger
49.2%
6
Luke Harper
48.3%
5
Wade Barrett
47.8%
5
Ryback
47.3%
5
Andre the Giant
47%
6
Rusev
46.2%
6
Big Van Vader
44%
6
Sycho Sid
43.8%
5
Road Dogg
43.8%
5
Jake Roberts
42.7%
8
Earthquake
38.3%
9
Rick Martel
36.7%
8
One Man Gang
34.2%
5
Faarooq
33.4%
5
Hardcore Holly
31.8%
7
Crush
29.6%
6
The Barbarian
17.1%
Quiz Playlist
Details
Report
Send in Message
Add To Playlist
Classic:
Type in answers that appear in a list
Last Updated: Feb 16, 2017
Quiz Scoreboard
CHALLENGE
Sign Up to Join the Scoreboard
Show All
Scores
Hide
Comments
May contain spoilers
Recently Published
Billboard Blitz: Fleetwood Mac
by CooCooCachoo
Music
15s
Presidents Visiting Landmarks
by Hejman
History
7m
An Introduction to Baseball
by treessimontrees
Sports
5m
More to Explore
Quiz From the Vault
Featured Blog Post
Where Did the Easter Bunny Come From?
hide this ad
You Might Also Like...
Tags
Career
Eliminated
elimination
entrance
least
Royal
rumble
Superstar
total
Wrestlers
Today's Top Quizzes in Television
Browse Television
hide this ad
Today's Top Quizzes in elimination
Browse elimination
Top Contributed Quizzes in Television
1
5-to-1: The Simpsons Families
2
5-to-1: Television Doctors
3
7-to-1: TV Show Settings
4
One Piece Logic Puzzle
5
5-to-1: Streaming Originals
6
Survivor Seasons
7
Survivor Logic Puzzle: Heroes vs. Villains
8
TV Shows by First Names
9
Survivor Season by Logo
10
Survivor Trivia
Explore More
Trending Topics
Disney
Marvel
Crossword
Anime
Harry Potter
NBA
Kpop
Puzzle
Pokémon
WWE
The Office
NFL
Song
Country
Soccer
hide this ad
More By:
AldeaMalvada
Quiz
Plays
Rating
Category
Featured
Created
Current WWE/NXT Roster: April 2018
15,020
4.53
Sports
Nov 22, 2014
F1 Race Winners as of 2021
2,881
4.13
Sports
Jun 8, 2014
Most F1 starts per decade
2,148
4.69
Sports
Jul 18, 2017
F1 Circuits: In which country?
1,606
4.83
Sports
Jun 29, 2017
Character deaths in GTA 5
1,058
Gaming
Sep 28, 2016
Go to Creator's Profile
Score Distribution
Quiz Creator Spotlight
AldeaMalvada
Follow
Send a Message
Quizzes Created
-
Created Quiz Play Count
-
More By This Creator
Popular Quizzes Today
1
Find the US States - No Outlines Minefield
2
Find the Countries of Europe - No Outlines Minefield
3
The Countries of the World
4
Find the US States
5
US States
6
Risky Map Clicking: Biggest States A-Z
7
Popular People in 1961
8
Movies - When Are They Set?
More Television Quizzes
Game of Thrones: Alliser Thorne Start to Finish
Quiz Lab
Trending Quizzes
Risky Map Clicking: Least Populous States A-Z
1-10 Letter G Words
1-10 Letter F Words
Risky Map Clicking: Next State Alphabetically
Risky Map Clicking: Biggest States A-Z
Recently Updated
Leaping Animals
pecheneg
Reality TV Shows (A-Z)
bhenderson79
Rickey Henderson's Hall of Fame Teammates
pecheneg
Champions League XIs: Arsenal
pecheneg
Quick Pick: Celebrities in WWE's Hall of Fame
aduchscher
A-Z Keypad Blitz II
pecheneg
Multiple Oscar Actors
pecheneg
Mystery Phrase Blitz: Oscar 'Best Actors'
pecheneg
F. Scott Fitzgerald Novels
LTH
Pick 3 Villains
ddd62291
Trending Topics
Disney
Marvel
Crossword
Kpop
Anime
NBA
Harry Potter
Country
NFL
Puzzle
Song
Soccer
WWE
The Office
Pokémon
Your Account Isn't Verified!
In order to create a playlist on Sporcle, you need to verify the email address you used during registration. Go to your
Sporcle Settings
to finish the process.
Report this User
Report this user for behavior that violates our
Community Guidelines
.
Details:
Send Report
Go to the Sporcle.com Mobile Site →
Comments